Short Stories 13

Bibliographic Details
Format: Book
Published: Singapore : Bookworm Publishing , 1994
Subjects:

MARC

LEADER 00000cam a2200000 7i4500
001 0000008341
002 000009093
005 20000330.0
020 |a 9813051795 
090 0 0 |a JF   |b BOO 
245 1 0 |a Short Stories 13 
260 |a Singapore :   |b Bookworm Publishing ,   |c 1994 
300 |a 75p. :   |b ill. ;   |c 21cm. 
650 0 0 |a Short stories 
999 |a 047024   |b BUKU   |c PINJAMAN   |e PERPUSTAKAAN KOMUNITI PETALING JAYA 
999 |a 050752   |b BUKU   |c PINJAMAN   |e PERPUSTAKAAN KOMUNITI PETALING JAYA 
999 |a 050753   |b BUKU   |c PINJAMAN   |e PERPUSTAKAAN KOMUNITI PETALING JAYA 
999 |a 050754   |b BUKU   |c PINJAMAN   |e PERPUSTAKAAN KOMUNITI PETALING JAYA